Dimensión ambiental, interdisciplinaria y escuela (Registro nro. 3979)

Detalles MARC
000 -CABECERA
Campo de control 00822nam a2200217 a 4500
005 - FECHA Y HORA DE LA ULTIMA TRANSACCION
Campo de control 20200104041546.0
008 - ELEMENTOS DE LONGITUD FIJA—INFORMACION GENERAL
Campo de control 140312b1997 ck ||||| |||| 00| 0 spa d
041 ## - IDIOMA
Código de idioma para texto/pista de sonido o título separado Español
044 ## - PAÍS DE PUBLICACIÓN
País de publicación Colombia
090 ## - CLASIFICACIÓN LOCAL
Colección LB
Consecutivo 03620
111 ## - ASIENTO PRINCIPAL--NOMBRE DE REUNION
Nombre de reunión o de jurisdicción como elemento de entrada Encuentro Formación de Dinamizadores en Educación Ambiental
Lugar de la reunión Santa Marta
Fecha de la reunión febrero 23 - Marzo 1, 1997
Número de la parte/sección/reunión III
245 ## - MENCION DE TITULO
Título Dimensión ambiental, interdisciplinaria y escuela
Parte restante del título ponentes y resúmenes de ponencias
260 ## - PUBLICACION, DISTRIBUCION, ETC. (PIE DE IMPRENTA)
Lugar de publicación, distribución, etc. Santa Marta
Nombre del editor, distribuidor, etc. Proyecto MEN-BID-MMA
-- Universidad Distrital Francisco José de Caldas
-- Ministerio de Educación Nacional
Fecha de publicación, distribución, etc. 1997
300 ## - DESCRIPCION FISICA
Extensión 18 p.
650 ## - ASIENTO SECUNDARIO DE MATERIA - TERMINO TEMATICO
Término temático o nombre geográfico como elemento de entrada Educación ambiental
650 ## - ASIENTO SECUNDARIO DE MATERIA - TERMINO TEMATICO
Término temático o nombre geográfico como elemento de entrada Educación no formal
650 ## - ASIENTO SECUNDARIO DE MATERIA - TERMINO TEMATICO
Término temático o nombre geográfico como elemento de entrada Capacitación en educación ambiental
662 ## - ASIENTO SECUNDARIO DE MATERIA - JERARQUIA DEL NOMBRE DE LUGAR(
País o entidad mayor Colombia
942 ## - ELEMENTOS ADICIONALES (KOHA)
Tipo de ítem Impreso
Sistema de clasificación Local
945 ## - PROCESAMIENTO LOCAL
AAAA-MM-DD - Fecha de ingreso o modificacion 2004-07-01

No hay ítems disponibles.